Представление документа в формате MARC21

Поле Инд. ПП Название Значение
Тип записи a
Библиографический уровень m
001 Контрольный номер 7583637b-679e-43f2-921a-88ad77b65769
005 Дата корректировки 20140703141031.1
008 Кодируемые данные 051128
020 c Цена, тираж б/ц
040 a Служба первич. каталог. НБ ТвГУ
041 a Код языка текста rus
080 a Индекс УДК 81:1(043.3)
084 a Индекс другой классификации/Индекс ББК Ш100.13я031
090 x Авторский знак Ш35
a Полочн. индекс Ш100.1
100 1_ a Автор Швец Наталия Олеговна
245 10 a Заглавие Роль языка в структурировании знания
b Продолж. заглавия дис. ... канд. филол. наук : 10.02.19
c Ответственность Федерал. агентство по образованию, Твер. гос. ун-т
260 1_ a Место издания Тверь
c Дата издания 2005
300 a Объем 173 с.
b Иллюстрации/ тип воспроизводства табл.
500 a Примечание На правах рукоп.
502 a Примечание о диссертации Дис.(канд.) - Твер. гос. ун-т, 2005
504 a Библиография Библиогр.: с. 136-154.
583 a Действие Получение впервые 372 28.11.2005
650 a Основная рубрика Языкознание
650 a Основная рубрика Лингвистика когнитивная
650 a Основная рубрика Язык и мышление
653 a Ключевые слова Языкознание
a Ключевые слова Общее языкознание
a Ключевые слова Когнитивная лингвистика
a Ключевые слова Язык и мышление
a Ключевые слова Сознание и язык
a Ключевые слова Философия языка
a Ключевые слова Диссертации
852 t Порядковый номер экземпляра 1
p Инвентарный номер б/н
888 a Бесплатные
930 a Новая/Ретро диссертации
952 p 372.2005 б/ц 1 б/н
c Вид литературы Дис н
954 a Дата поступления на обработку 20051128
999 a Подразделение 2 ч.з.